000 00307nam a2200133Ia 4500
005 20251222152044.0
008 251222s9999||||xx |||||||||||||| ||spa||
020 _a9290432551
082 _a575.1/I59
245 0 _aRocket Genética Resources Network
250 _a1ra.ed.
264 _bIPGRI
942 _cLIB
999 _c26161
_d26161